000
00500nam a2200169Ia 4500
008
090711s9999 xx 000 0 und d
082
_b
65121
100
_a
पाध्ये भाऊ
245
_a
थोडी सी जो पी ली
260
_c
1988
300
_a
164
600
_a
पाध्ये भाऊ
630
_a
थोडी सी जो पी ली
700
_a
पाध्ये भाऊ
730
_a
थोडी सी जो पी ली
942
_c
BOOK
999
_c
310037
_d
310037